[Event "Eesti mv 2003"]
[Site "?"]
[Date "2003.??.??"]
[Round "2.1"]
[White "Firstov, Juri"]
[Black "Pahkla, Peeter"]
[Result "0-1"]
[WhiteElo "2141"]
[BlackElo "2133"]
[PlyCount "92"]

1. d4 Nf6 2. Bg5 Ne4 3. Bf4 d5 4. Nd2 Nxd2 5. Qxd2 e6 6. e3 c5 7. Nf3 Nc6 8.
Be2 Be7 9. O-O O-O 10. dxc5 Bxc5 11. c4 dxc4 12. Qxd8 Rxd8 13. Bxc4 Bd7 14.
Rfd1 Be8 15. a3 Be7 16. Bg5 Bxg5 17. Nxg5 Ne5 18. Bb3 Bc6 19. Bc2 h6 20. Ne4
Kf8 21. Nc3 Ke7 22. Kf1 a6 23. a4 a5 24. Rxd8 Rxd8 25. Rd1 Rc8 26. Bb3 g5 27.
f3 h5 28. Kf2 Rb8 29. Rd2 b5 30. axb5 Bxb5 31. Nxb5 Rxb5 32. Ba2 Rxb2 33. Rxb2
Nd3+ 34. Ke2 Nxb2 35. Bb3 a4 36. Bc2 a3 37. Bb3 Kd6 38. Kd2 Kc5 39. Kc3 h4 40.
h3 Kd6 41. Bc2 f5 42. f4 g4 43. e4 gxh3 44. gxh3 fxe4 45. Bxe4 Nd1+ 46. Kb3 a2
0-1

[Event "Eesti mv 2003"]
[Site "?"]
[Date "2003.??.??"]
[Round "2.1"]
[White "Shlõkov, V."]
[Black "Vooremaa, Andres"]
[Result "0-1"]
[WhiteElo "2133"]
[BlackElo "2300"]
[PlyCount "48"]

1. e4 c5 2. Nf3 Nc6 3. d4 cxd4 4. Nxd4 Nf6 5. Nc3 Qc7 6. Be2 e6 7. O-O a6 8.
Kh1 Nxd4 9. Qxd4 Bc5 10. Qd3 d6 11. Bg5 Bd7 12. Rad1 h6 13. Bh4 g5 14. Bg3 e5
15. Qd2 Bd4 16. Qd3 Bc6 17. Qf3 Qe7 18. Nd5 Nxd5 19. exd5 Bd7 20. c3 Ba7 21.
Bd3 f5 22. Bxf5 O-O 23. Bxd7 Rxf3 24. Be6+ Rf7 0-1

[Event "Eesti mv 2003"]
[Site "?"]
[Date "2003.??.??"]
[Round "2.2"]
[White "Külaots, Kaido"]
[Black "Luik, Helmut"]
[Result "1-0"]
[WhiteElo "2531"]
[BlackElo "2227"]
[PlyCount "159"]

1. d4 Nf6 2. c4 e6 3. Nc3 d5 4. Nf3 Be7 5. Bg5 O-O 6. e3 Nbd7 7. Rc1 a6 8. cxd5
exd5 9. Bd3 c6 10. O-O Re8 11. Bf4 Nf8 12. Ne5 Ng6 13. Nxg6 hxg6 14. h3 Nh5 15.
Be5 Bd6 16. Bxd6 Qxd6 17. Qd2 Nf6 18. Rfe1 Bf5 19. Bf1 Re7 20. a3 Rae8 21. f3
g5 22. Qf2 Bg6 23. Rcd1 Nh5 24. Bd3 Bxd3 25. Rxd3 f5 26. Rdd1 Nf6 27. Rd3 g6
28. Ne2 Kg7 29. Nc3 g4 30. hxg4 fxg4 31. Ne2 gxf3 32. gxf3 Nh5 33. Kg2 Qf6 34.
Rg1 Qg5+ 35. Kf1 Qf5 36. Rc3 Rf8 37. Kg2 Ref7 38. Rf1 Rh8 39. Rh1 Rhf8 40. Rf1
Qg5+ 41. Ng3 Rxf3 42. Qxf3 Rxf3 43. Rxf3 Qg4 44. Kf2 Nf6 45. Rb3 Qd7 46. Kg2 b5
47. Rc3 Ng4 48. Rc2 Qe6 49. Re2 Qe7 50. Rf4 Qg5 51. Kf3 Nf6 52. Rg2 Kf7 53. Rc2
Kg7 54. Rxc6 Ne4 55. Nxe4 dxe4+ 56. Ke2 Qh5+ 57. Ke1 Qh1+ 58. Kd2 Qb1 59. Rc2
Qg1 60. Rxe4 Qg2+ 61. Kd3 Qf1+ 62. Kc3 a5 63. Re5 Kf6 64. Kb3 Qd3+ 65. Rc3 Qd1+
66. Ka2 b4 67. Rb3 Qd2 68. Rxa5 bxa3 69. Rbxa3 g5 70. Rc5 g4 71. Ra6+ Ke7 72.
Rc7+ Kd8 73. Rg7 Qg2 74. Rh6 Qd5+ 75. Ka3 Qa5+ 76. Kb3 Qb5+ 77. Kc3 Qa5+ 78. b4
Qa3+ 79. Kc4 Qa2+ 80. Kc5 1-0

[Event "Eesti mv 2003"]
[Site "?"]
[Date "2003.??.??"]
[Round "2.2"]
[White "Pärnits, Rauno"]
[Black "Rõtshagov, Mihhail"]
[Result "1/2-1/2"]
[WhiteElo "2207"]
[BlackElo "2520"]
[PlyCount "60"]

1. d4 d5 2. Bg5 h6 3. Bf4 c5 4. Nc3 Nf6 5. e3 e6 6. Nb5 Na6 7. dxc5 Bxc5 8. Nf3
O-O 9. Be2 Ne4 10. O-O f6 11. c4 e5 12. Bg3 Be6 13. Qb3 Nxg3 14. hxg3 Qd7 15.
Rfd1 dxc4 16. Bxc4 Bxc4 17. Qxc4+ Qf7 18. Qxf7+ Rxf7 19. Nd6 Rd7 20. Ne4 Rad8
21. Rxd7 Rxd7 22. Rc1 Rc7 23. g4 Kf7 24. Kf1 Be7 25. Rxc7 Nxc7 26. Ke2 g6 27.
Nc3 Ne6 28. Nd2 Nc7 29. Nf3 Ne6 30. Nd2 Nc7 1/2-1/2

[Event "Eesti mv 2003"]
[Site "?"]
[Date "2003.??.??"]
[Round "2.2"]
[White "Kanep, Meelis"]
[Black "Gogin, Ruslan"]
[Result "1-0"]
[WhiteElo "2454"]
[BlackElo "2230"]
[PlyCount "117"]

1. c4 Nf6 2. Nc3 e6 3. Nf3 Bb4 4. Qc2 b6 5. a3 Bxc3 6. Qxc3 O-O 7. b4 Ne4 8.
Qc2 f5 9. Bb2 Bb7 10. e3 d6 11. d3 Ng5 12. Be2 Bxf3 13. gxf3 Nh3 14. f4 Nd7 15.
Bf3 Rb8 16. Qe2 Qh4 17. Qf1 e5 18. Bg2 exf4 19. Bxh3 fxe3 20. Bg2 Rbe8 21. Bd5+
Kh8 22. Qg2 exf2+ 23. Kd1 Re1+ 24. Kc2 Re2+ 25. Kb3 Ne5 26. Bc3 f4 27. Raf1 f3
28. Qg3 Qxg3 29. hxg3 Nxd3 30. g4 Ne5 31. Rh3 c6 32. Be6 Rf6 33. Bf5 g6 34. Bc2
Kg8 35. Bd1 Re3 36. Rxf2 Rd3 37. Kc2 Nxg4 38. Rfxf3 Rdxf3 39. Bxf3 Ne5 40. Bxe5
dxe5 41. Be4 h5 42. Rf3 Re6 43. Rd3 Rf6 44. c5 bxc5 45. bxc5 h4 46. Rd6 Rxd6
47. cxd6 Kf7 48. Bxc6 Ke6 49. d7 Ke7 50. Kd3 Kd8 51. Ke4 Kc7 52. Kxe5 h3 53.
Ke6 Kd8 54. Kf6 h2 55. Ke6 g5 56. a4 a5 57. Bd5 g4 58. Be4 g3 59. Bg2 1-0

[Event "Eesti mv 2003"]
[Site "?"]
[Date "2003.??.??"]
[Round "2.2"]
[White "Sabinov, Aleksander"]
[Black "Sepp, Olav"]
[Result "1/2-1/2"]
[WhiteElo "2187"]
[BlackElo "2456"]
[PlyCount "61"]

1. d4 Nf6 2. c4 g6 3. Nc3 Bg7 4. e4 d6 5. f3 O-O 6. Be3 c5 7. dxc5 dxc5 8. Qxd8
Rxd8 9. Bxc5 Nc6 10. Rd1 Rxd1+ 11. Nxd1 Nd7 12. Ba3 a5 13. Ne2 Nb4 14. Bxb4
axb4 15. Nc1 Nc5 16. Kd2 f5 17. Nd3 Nxd3 18. Bxd3 Rxa2 19. Kc2 Bd7 20. Kb3 Ra1
21. Nf2 Ra8 22. exf5 gxf5 23. Bb1 e6 24. Nd3 Bf8 25. c5 Bb5 26. Kxb4 Bxd3 27.
Bxd3 b6 28. Bc4 bxc5+ 29. Kc3 Kf7 30. Re1 Re8 31. Ra1 1/2-1/2

[Event "Eesti mv 2003"]
[Site "?"]
[Date "2003.??.??"]
[Round "2.2"]
[White "Peleshev, Leonid"]
[Black "Shevtshenko, Robert"]
[Result "0-1"]
[WhiteElo "2176"]
[BlackElo "2396"]
[PlyCount "78"]

1. e4 c5 2. Nf3 Nc6 3. Bb5 e6 4. Bxc6 bxc6 5. b3 Ne7 6. Bb2 Ng6 7. h4 h5 8. e5
Be7 9. g3 f6 10. O-O d6 11. exd6 Qxd6 12. Nc3 e5 13. Ne4 Qc7 14. Qe2 Bg4 15.
Qe3 Nf8 16. c3 Ne6 17. d4 cxd4 18. cxd4 exd4 19. Nxd4 Nxd4 20. Bxd4 O-O 21. Qc3
Kh8 22. Rfe1 Rfe8 23. Re3 a5 24. Bc5 f5 25. Bxe7 fxe4 26. Bg5 a4 27. Rae1 axb3
28. axb3 Bf3 29. Rxf3 exf3 30. Rxe8+ Rxe8 31. Qxf3 Re1+ 32. Kg2 Qd7 33. Qxh5+
Kg8 34. Be3 Qe6 35. Qf3 Rb1 36. g4 Rxb3 37. h5 Rb4 38. Kg3 Rb1 39. Kg2 39...
Qc4 {Valged ueletasid aja} 0-1

[Event "Eesti mv 2003"]
[Site "?"]
[Date "2003.??.??"]
[Round "2.2"]
[White "Shvõrjov, Igor"]
[Black "Garber, Vjatseslav"]
[Result "1-0"]
[WhiteElo "2393"]
[BlackElo "2241"]
[PlyCount "121"]

1. d4 f5 2. Nf3 Nf6 3. c4 g6 4. Nc3 Bg7 5. g3 O-O 6. Bg2 d6 7. O-O c6 8. Re1
Ne4 9. Qc2 d5 10. Bf4 e6 11. Be5 Nd7 12. Bxg7 Kxg7 13. e3 Qf6 14. b4 g5 15. b5
g4 16. Nh4 Nb6 17. cxd5 cxd5 18. Ne2 Bd7 19. Nf4 Qf7 20. Bf1 Rfc8 21. Qb2 Qe7
22. Rec1 Qe8 23. a4 Rxc1 24. Rxc1 Rc8 25. a5 Nc4 26. Bxc4 Rxc4 27. b6 a6 28.
Nd3 Qc8 29. Nc5 Kf7 30. Qa3 Nxc5 31. dxc5 Qh8 32. h3 h5 33. Kh2 Bc6 34. Ng2 Ra4
35. Qd3 Rxa5 36. e4 dxe4 37. Qd2 Ra3 38. Qg5 Rd3 39. Nf4 Qg7 40. Qxh5+ Ke7 41.
Qh4+ Kd7 42. Nxd3 exd3 43. Rd1 Be4 44. Rd2 Qc3 45. Qh6 Qxc5 46. Qg7+ Qe7 47.
Qd4+ Qd6 48. Qg7+ Kc6 49. h4 Kxb6 50. h5 Bc6 51. Qb2+ Ka7 52. Qb3 Be4 53. Qc3
e5 54. Kg1 Qh6 55. Rb2 Qd6 56. Kf1 Bc6 57. Ke1 f4 58. gxf4 exf4 59. Kd2 Bb5 60.
Rb4 f3 61. Qd4+ 1-0

[Event "Eesti mv 2003"]
[Site "?"]
[Date "2003.??.??"]
[Round "2.2"]
[White "Zjukin, Sergei"]
[Black "Kuusk, Andres"]
[Result "1-0"]
[WhiteElo "2385"]
[BlackElo "2162"]
[PlyCount "87"]

1. e4 c6 2. d4 d5 3. Nd2 dxe4 4. Nxe4 Bf5 5. Ng3 Bg6 6. N1e2 e6 7. Nf4 Bd6 8.
c3 Nd7 9. h4 Bxf4 10. Bxf4 h6 11. h5 Bh7 12. Qg4 Qf6 13. O-O-O Ne7 14. f3 O-O
15. Ne4 Qf5 16. Qxf5 Nxf5 17. Be2 Ne7 18. c4 Nc8 19. Nc5 Nxc5 20. dxc5 b6 21.
Rd7 bxc5 22. Rc7 Nb6 23. Rxc6 Rac8 24. Rxc8 Rxc8 25. Rd1 Kf8 26. b3 Ke8 27. Kb2
Nd7 28. Rd6 Nb8 29. Be3 Ke7 30. Rd2 f6 31. a3 a5 32. Kc3 Bg8 33. f4 Bf7 34. Bf3
Be8 35. g4 Rc7 36. g5 f5 37. gxh6 gxh6 38. Rg2 Kf8 39. Bf2 Nd7 40. Bh4 Bf7 41.
Rd2 e5 42. Bd8 Ra7 43. Bc6 Ke8 44. Bb6 1-0

[Event "Eesti mv 2003"]
[Site "?"]
[Date "2003.??.??"]
[Round "2.2"]
[White "Shishkov, Andrei"]
[Black "Jeremejev, Artjom"]
[Result "1-0"]
[WhiteElo "2369"]
[BlackElo "2155"]
[PlyCount "33"]

1. d4 e6 2. c4 b6 3. e4 Bb7 4. Bd3 d5 5. cxd5 exd5 6. e5 c5 7. Nf3 Nc6 8. O-O
h6 9. Re1 Qc7 10. Nc3 O-O-O 11. Bf5+ Kb8 12. Nb5 Qe7 13. Bf4 a6 14. e6+ Ka8 15.
Nc7+ Ka7 16. dxc5 Qxc5 17. exf7 1-0

[Event "Eesti mv 2003"]
[Site "?"]
[Date "2003.??.??"]
[Round "2.2"]
[White "Kovaljov, Deniss"]
[Black "Siil, Marko"]
[Result "1/2-1/2"]
[WhiteElo "2289"]
[BlackElo "2108"]
[PlyCount "105"]

1. d4 Nf6 2. Nf3 d5 3. Bg5 c5 4. e3 Nc6 5. c3 Qb6 6. Qb3 c4 7. Qc2 Ne4 8. Bf4
h6 9. Nbd2 Bf5 10. Nxe4 Bxe4 11. Qc1 Qa5 12. Ne5 Rc8 13. f3 Bh7 14. Nxc6 Rxc6
15. Be2 e6 16. O-O b5 17. b4 cxb3 18. axb3 Qb6 19. c4 bxc4 20. bxc4 dxc4 21. e4
Bd6 22. Kh1 Bxf4 23. Qxf4 O-O 24. d5 exd5 25. Rac1 dxe4 26. Bxc4 Rf6 27. Qg4
exf3 28. Rxf3 Rxf3 29. Qxf3 Bg6 30. h4 Qa5 31. Qg3 Kh7 32. Rf1 Qc5 33. Bd3 Bxd3
34. Qxd3+ g6 35. Qb3 Kg7 36. Qf3 Qd4 37. h5 Qh4+ 38. Kg1 Qd4+ 39. Kh1 Qh4+ 40.
Kg1 Qd4+ 41. Kh1 g5 42. Rd1 Qf6 43. Qxf6+ Kxf6 44. Rd6+ Kf5 45. Rxh6 Kg4 46.
Ra6 Kxh5 47. Rxa7 f5 48. Kg1 Kg4 49. Ra4+ f4 50. Kf2 Rb8 51. Ra2 Rb5 52. Rc2
Kf5 53. g3 1/2-1/2

[Event "Eesti mv 2003"]
[Site "?"]
[Date "2003.05.18"]
[Round "2.2"]
[White "Ilves, Jüri"]
[Black "Neff, Sergei"]
[Result "1/2-1/2"]
[WhiteElo "2117"]
[BlackElo "2290"]
[PlyCount "56"]
[EventDate "2003.??.??"]

1. e4 b6 2. Nc3 Bb7 3. Nf3 e6 4. d4 Bb4 5. Bd3 Nf6 6. Qe2 d5 7. e5 Ne4 8. Bd2
Nxd2 9. Nxd2 c5 10. Qg4 O-O 11. a3 Bxc3 12. bxc3 Ba6 13. Bxa6 Nxa6 14. O-O Rc8
15. Qe2 Nb8 16. Nf3 cxd4 17. cxd4 Rc4 18. Rfd1 Qc7 19. Ra2 Rc8 20. Rd2 h6 21.
h4 Nc6 22. g4 Ne7 23. h5 Rc3 24. Kg2 Qc4 25. Qxc4 R8xc4 26. Ng1 Ra4 27. Ne2
Rcxa3 28. Rxa3 Rxa3 1/2-1/2

. Rhd3 Bd8 1/2-1/2

[Event "Eesti mv 2003"]
[Site "?"]
[Date "2003.05.18"]
[Round "2.2"]
[White "Sööt, Margus"]
[Black "Krupenski, Igor"]
[Result "1/2-1/2"]
[WhiteElo "2147"]
[BlackElo "2318"]
[PlyCount "29"]

1. d4 Nf6 2. Nf3 d5 3. g3 Bf5 4. Bg2 e6 5. O-O Bd6 6. Nbd2 O-O 7. h3 h6 8. b3
Nbd7 9. Bb2 c5 10. c4 Nb6 11. cxd5 exd5 12. Rc1 Rc8 13. dxc5 Bxc5 14. Nd4 Bh7
15. Kh2 1/2-1/2

[Event "Eesti mv 2003"]
[Site "?"]
[Date "2003.05.18"]
[Round "2.2"]
[White "Pahkla, Peeter"]
[Black "Firstov, Juri"]
[Result "0-1"]
[WhiteElo "2133"]
[BlackElo "2141"]
[PlyCount "106"]

1. e4 c5 2. Nf3 Nc6 3. d4 cxd4 4. Nxd4 Qc7 5. Bc4 Nf6 6. f3 e6 7. Nxc6 bxc6 8.
Nc3 Bd6 9. g3 h5 10. f4 e5 11. f5 Bb4 12. Qe2 d5 13. exd5 cxd5 14. Bb5+ Kf8 15.
Bd2 d4 16. Ne4 Bxd2+ 17. Nxd2 Bb7 18. Rg1 e4 19. Qc4 Qxc4 20. Nxc4 Bd5 21. b3
a6 22. Ba4 Bxc4 23. bxc4 Ke7 24. Rb1 Rab8 25. Kd2 Ng4 26. Rxb8 Rxb8 27. Re1 e3+
28. Kd3 Rd8 29. c3 Nf2+ 30. Ke2 d3+ 31. Kf3 Ng4 32. h3 d2 33. Rb1 Nf2 34. Bd1
Rd3 35. Ke2 Rxc3 36. Rb7+ Kd6 37. Ba4 Ra3 38. Rd7+ Kc5 39. Bb3 Kb4 40. Rd5 f6
41. Rd8 Kc5 42. Rc8+ Kb6 43. c5+ Kb7 44. Rd8 Kc6 45. Rc8+ Kb7 46. Rd8 Kc7 47.
Rd6 a5 48. Rd4 Kc6 49. g4 hxg4 50. hxg4 Rxb3 51. axb3 d1=Q+ 52. Rxd1 Nxd1 53.
Kxd1 Kxc5 0-1

[Event "Eesti mv 2003"]
[Site "?"]
[Date "2003.05.18"]
[Round "2.2"]
[White "Vooremaa, Andres"]
[Black "Shlõkov, V.."]
[Result "0-1"]
[WhiteElo "2300"]
[BlackElo "2133"]
[PlyCount "96"]

1. Nf3 Nf6 2. g3 g6 3. Bg2 Bg7 4. O-O d6 5. c4 O-O 6. Nc3 e5 7. d3 Nc6 8. Rb1
a5 9. a3 Nd4 10. Ne1 c6 11. b4 axb4 12. axb4 Bg4 13. h3 Be6 14. e3 Nf5 15. Nf3
Ne7 16. b5 h6 17. bxc6 bxc6 18. Qe2 Qc7 19. e4 Nd7 20. Nh4 g5 21. Nf3 g4 22.
hxg4 Bxg4 23. Qc2 Ng6 24. Nd1 Nc5 25. Ne3 Bxf3 26. Bxf3 Ne6 27. Bb2 Ra2 28. Qb3
Rfa8 29. Ra1 Rxa1 30. Rxa1 Rxa1+ 31. Bxa1 Qa7 32. Qb1 Nc5 33. Be2 h5 34. Bxh5
Nxd3 35. Bc3 Nc5 36. Kg2 Ne6 37. Bxg6 fxg6 38. Qd1 Nd4 39. Qg4 Qf7 40. Qc8+ Kh7
41. Qh3+ Kg8 42. Qc8+ Bf8 43. Qg4 Qf6 44. f4 Bh6 45. Nf5 Nxf5 46. exf5 Qxf5 47.
Qh4 Bf8 48. Be1 Qe4+ 0-1

[Event "Eesti mv 2003"]
[Site "?"]
[Date "2003.05.18"]
[Round "3.1"]
[White "Külaots, Kaido"]
[Black "Vooremaa, Andres"]
[Result "1/2-1/2"]
[WhiteElo "2531"]
[BlackElo "2300"]
[PlyCount "64"]
[EventDate "2003.??.??"]

1. e4 c5 2. Nf3 e6 3. d4 cxd4 4. Nxd4 a6 5. Be2 Nf6 6. Nc3 Qc7 7. O-O d6 8. Be3
b5 9. a4 b4 10. Na2 Nxe4 11. c3 b3 12. Nb4 Bb7 13. f4 Nd7 14. Qxb3 Nec5 15. Qa2
Nf6 16. f5 e5 17. Bc4 Rd8 18. Nd5 Nxd5 19. Bxd5 exd4 20. Bxd4 Bxd5 21. Qxd5 f6
22. b4 Qb7 23. Qa2 Nd7 24. Qe6+ Be7 25. Rad1 Rf8 26. a5 Rf7 27. Rfe1 Kf8 28.
Re3 Kg8 29. Rh3 Nf8 30. Qe2 d5 31. Bb6 Rd7 32. Rhd3 Bd8 1/2-1/2

[Event "Eesti mv 2003"]
[Site "?"]
[Date "2003.05.18"]
[Round "3.1"]
[White "Firstov, Juri"]
[Black "Rõtshagov, Mihhail"]
[Result "0-1"]
[WhiteElo "2141"]
[BlackElo "2520"]
[PlyCount "58"]

1. e4 c5 2. Nc3 Nc6 3. g3 g6 4. Bg2 Bg7 5. d3 d6 6. f4 e6 7. Nf3 Nge7 8. O-O
O-O 9. Be3 Nd4 10. Rb1 d5 11. Ne2 Nxf3+ 12. Bxf3 d4 13. Bd2 e5 14. fxe5 Nc6 15.
Qc1 Nxe5 16. Bh6 Bxh6 17. Qxh6 Bg4 18. Bxg4 Nxg4 19. Qd2 Ne3 20. Rf2 f5 21. c3
fxe4 22. Rxf8+ Qxf8 23. cxd4 Qf3 24. Nf4 Rf8 25. Re1 cxd4 26. dxe4 g5 27. Qxd4
gxf4 28. Qd2 fxg3 29. Qxe3 Qf2+ 0-1

[Event "Eesti mv 2003"]
[Site "?"]
[Date "2003.05.19"]
[Round "3.1"]
[White "Kanep, Meelis"]
[Black "Sööt, Margus"]
[Result "1-0"]
[WhiteElo "2454"]
[BlackElo "2147"]
[PlyCount "46"]

1. d4 e6 2. c4 Nf6 3. Nc3 d5 4. cxd5 Nxd5 5. e4 Nxc3 6. bxc3 c5 7. Nf3 cxd4 8.
cxd4 Bb4+ 9. Bd2 Bxd2+ 10. Qxd2 O-O 11. Bc4 Nc6 12. O-O b6 13. Rad1 Bb7 14.
Rfe1 Rc8 15. d5 Na5 16. Bd3 exd5 17. e5 d4 18. Nxd4 Kh8 19. Qf4 Rc3 20. Re3 Qd5
21. Rg3 Rfc8 22. Qg5 Rg8 23. Rh3 Rxd3 1-0

[Event "Eesti mv 2003"]
[Site "?"]
[Date "2003.05.19"]
[Round "3.1"]
[White "Neff, Sergei"]
[Black "Sepp, Olav"]
[Result "0-1"]
[WhiteElo "2456"]
[BlackElo "2290"]
[PlyCount "72"]

1. b3 e5 2. Bb2 Nc6 3. e3 Nf6 4. Bb5 Bd6 5. d4 exd4 6. exd4 O-O 7. Ne2 Re8 8.
Nd2 a6 9. Bd3 Nb4 10. Nc4 Nxd3+ 11. Qxd3 Bb4+ 12. c3 d5 13. Ne3 Bd6 14. O-O c6
15. c4 Be6 16. Rfe1 Qc7 17. Ng3 Rad8 18. c5 Bf8 19. Nc2 g6 20. Bc1 Bg7 21. f3
Ra8 22. b4 h5 23. Qc3 a5 24. a4 axb4 25. Qxb4 h4 26. Ne2 Nh5 27. a5 Bf5 28. Ne3
Bd3 29. Qd2 Ba6 30. Nc2 Re6 31. Ra3 Rae8 32. Re3 Rxe3 33. Nxe3 Bh6 34. Nxd5
Bxd2 35. Nxc7 Bxe1 36. Nxe8 Bxe2 0-1

[Event "Eesti mv 2003"]
[Site "?"]
[Date "2003.05.19"]
[Round "3.1"]
[White "Seeman, Tarvo"]
[Black "Kovaljov, Deniss"]
[Result "1-0"]
[WhiteElo "2450"]
[BlackElo "2289"]
[PlyCount "107"]

1. e4 e6 2. d3 d5 3. Nd2 c5 4. Ngf3 Nc6 5. g3 b6 6. Bg2 dxe4 7. Nxe4 Bb7 8. O-O
Be7 9. c3 Nf6 10. Nxf6+ Bxf6 11. d4 cxd4 12. Nxd4 Bxd4 13. cxd4 O-O 14. d5 exd5
15. Qxd5 Na5 16. Qxd8 Raxd8 17. Bf4 Bxg2 18. Kxg2 Rd7 19. Rfd1 Rfd8 20. Rxd7
Rxd7 21. Rc1 f6 22. Bb8 b5 23. Rc5 a6 24. Bf4 g5 25. Bc7 Nc4 26. b3 Nd2 27. Ba5
Ne4 28. Rc6 Rd6 29. Rc7 g4 30. f3 gxf3+ 31. Kxf3 Ng5+ 32. Kg4 Ne6 33. Ra7 Ng7
34. Kf3 h5 35. Ke4 h4 36. gxh4 Re6+ 37. Kf3 Rd6 38. Bc7 Rd7 39. Ra8+ Kf7 40.
Bg3 f5 41. Rxa6 Ne6 42. h5 f4 43. Bh4 Rd3+ 44. Kg4 f3 45. Ra7+ Kg8 46. Bg3 Nd4
47. h6 Re3 48. Bf2 Re4+ 49. Kg3 Nc6 50. Kxf3 Re6 51. h7+ Kh8 52. Rb7 Rf6+ 53.
Kg2 Rg6+ 54. Bg3 1-0

[Event "Eesti mv 2003"]
[Site "?"]
[Date "2003.05.19"]
[Round "3.1"]
[White "Shishkov, Andrei"]
[Black "Shevtshenko, Robert"]
[Result "0-1"]
[WhiteElo "2369"]
[BlackElo "2396"]
[PlyCount "84"]

1. d4 Nf6 2. c4 g6 3. Nc3 Bg7 4. e4 d6 5. Bd3 O-O 6. Nge2 e5 7. d5 Nh5 8. O-O
c6 9. Be3 cxd5 10. cxd5 Nd7 11. Rc1 Nc5 12. Bb1 a5 13. a3 Bd7 14. b4 axb4 15.
axb4 Na4 16. Nxa4 Bxa4 17. Qd2 Bd7 18. Kh1 Ra3 19. Rc3 Ra4 20. Rb3 Kh8 21. Rc1
f5 22. exf5 gxf5 23. f3 Rg8 24. Qc2 Nf6 25. Bg5 Qb6 26. Ng3 e4 27. fxe4 Ng4 28.
Rf3 Be5 29. exf5 Rc8 30. Qxc8+ Bxc8 31. Rxc8+ Kg7 32. f6+ Kf7 33. Bf5 Ra1+ 34.
Nf1 Nxf6 35. Bxf6 Bxf6 36. h4 Kg7 37. Kh2 Be5+ 38. Kh3 Kh6 39. g4 Rxf1 40. g5+
Kg7 41. Rxf1 Qe3+ 42. Kg4 Qe2+ 0-1

[Event "Eesti mv 2003"]
[Site "?"]
[Date "2003.05.19"]
[Round "3.1"]
[White "Shvõrjov, Igor"]
[Black "Lauk, Ülar"]
[Result "0-1"]
[WhiteElo "2393"]
[BlackElo "2370"]
[PlyCount "60"]

1. Nf3 Nf6 2. d4 d6 3. g3 Bg4 4. Bg2 c6 5. O-O Nbd7 6. c4 e5 7. Nc3 Be7 8. b3
O-O 9. Bb2 Re8 10. d5 Rc8 11. h3 Bh5 12. dxc6 bxc6 13. Qd2 Bf8 14. Nh4 d5 15.
cxd5 cxd5 16. Nxd5 Nxd5 17. Qxd5 Bxe2 18. Rfc1 Nc5 19. Re1 Ba6 20. Rxe5 Nd3 21.
Qxd8 Rexd8 22. Ra5 Nxb2 23. Rxa6 Bc5 24. b4 Bb6 25. Nf5 Rc2 26. Ne3 Rcd2 27. a4
Nd3 28. a5 Bd4 29. Rb1 Rxf2 30. Nf5 Rxf5+ 0-1

[Event "Eesti mv 2003"]
[Site "?"]
[Date "2003.05.19"]
[Round "3.1"]
[White "Zjukin, Sergei"]
[Black "Zavoronkov, Vladimir"]
[Result "0-1"]
[WhiteElo "2385"]
[BlackElo "2387"]
[PlyCount "68"]

1. e4 c5 2. Nf3 Nc6 3. d4 cxd4 4. Nxd4 Qc7 5. Nb5 Qb8 6. Bd3 e6 7. Be3 Nf6 8.
f4 a6 9. N5c3 d5 10. exd5 exd5 11. Be2 Qd6 12. Bf3 Qe6 13. Qe2 Bd6 14. Nd2 O-O
15. Nb3 Re8 16. Kf2 Ne4+ 17. Bxe4 dxe4 18. Rad1 b5 19. Nxe4 Bf8 20. Ng3 Nb4 21.
Rhe1 Qg6 22. Rd2 Bg4 23. f5 Bxf5 24. Nxf5 Qxf5+ 25. Qf3 Qg6 26. Ree2 Rac8 27.
Nd4 Nxa2 28. Nf5 Re5 29. g4 h5 30. h3 hxg4 31. hxg4 Nb4 32. c3 Nc6 33. Bf4 Bc5+
34. Kf1 Rxf5 0-1

[Event "Eesti mv 2003"]
[Site "?"]
[Date "2003.??.??"]
[Round "3.2"]
[White "Vooremaa, Andres"]
[Black "Külaots, Kaido"]
[Result "0-1"]
[WhiteElo "2300"]
[BlackElo "2531"]
[PlyCount "50"]

1. d4 Nf6 2. c4 e6 3. Nf3 b6 4. g3 Ba6 5. b3 Bb4+ 6. Bd2 Be7 7. Bg2 c6 8. Nc3
d5 9. cxd5 cxd5 10. O-O Nc6 11. Bc1 O-O 12. Bb2 Rc8 13. Rc1 Bd6 14. Rc2 Qe7 15.
Qa1 Rc7 16. Nb1 Rfc8 17. Rfc1 Ne4 18. Bf1 f5 19. Ne5 Nxe5 20. Rxc7 Rxc7 21.
Rxc7 Bxc7 22. dxe5 Qc5 23. Bd4 Bxe5 24. Bxc5 Bxa1 25. Bb4 d4 0-1

[Event "Eesti mv 2003"]
[Site "?"]
[Date "2003.??.??"]
[Round "3.2"]
[White "Kovaljov, Deniss"]
[Black "Seeman, Tarvo"]
[Result "1/2-1/2"]
[WhiteElo "2289"]
[BlackElo "2450"]
[PlyCount "60"]

1. d4 Nf6 2. Nf3 g6 3. Bg5 Bg7 4. Nbd2 c5 5. dxc5 Na6 6. e4 Nxc5 7. e5 Nfe4 8.
Nxe4 Nxe4 9. Be3 Qa5+ 10. c3 d5 11. Bd4 Bg4 12. Be2 O-O 13. h3 Bxf3 14. gxf3
Ng5 15. h4 Ne6 16. h5 Qc7 17. Qd2 Bxe5 18. hxg6 fxg6 19. Qe3 Nxd4 20. cxd4 Bf4
21. Qe6+ Kg7 22. Bd3 Qd6 23. Qh3 h6 24. Kf1 Rae8 25. Bb5 Rc8 26. Re1 Rc1 27.
Rxc1 Bxc1 28. Kg2 Bf4 29. Bd3 Qf6 30. Re1 Bd6 1/2-1/2

[Event "Eesti mv 2003"]
[Site "?"]
[Date "2003.??.??"]
[Round "3.2"]
[White "Lauk, Ülar"]
[Black "Shvõrjov, Igor"]
[Result "1-0"]
[WhiteElo "2370"]
[BlackElo "2393"]
[PlyCount "55"]

1. e4 g6 2. d4 d6 3. Nc3 Bg7 4. f4 a6 5. Bd3 b5 6. Nf3 Bb7 7. Be3 Nd7 8. e5 e6
9. a4 b4 10. Ne4 Nb6 11. Bd2 Nd5 12. c4 bxc3 13. bxc3 Bh6 14. Nfg5 dxe5 15.
dxe5 Bxg5 16. Nxg5 Nb4 17. Bb1 Nd3+ 18. Ke2 Nb2 19. Qc2 Nc4 20. Bc1 Bxg2 21.
Rd1 Bd5 22. Ba2 h6 23. Nxe6 fxe6 24. Qxg6+ Kd7 25. Bxc4 Ne7 26. Bxd5 exd5 27.
Qg4+ Kc6 28. Qe6+ 1-0

[Event "Eesti mv 2003"]
[Site "?"]
[Date "2003.??.??"]
[Round "3.2"]
[White "Zavoronkov, Juri"]
[Black "Zjukin, Sergei"]
[Result "1/2-1/2"]
[WhiteElo "2387"]
[BlackElo "2385"]
[PlyCount "38"]

1. e4 e5 2. Nf3 Nc6 3. Nc3 Nf6 4. Bb5 Bb4 5. O-O O-O 6. d3 d6 7. Bg5 Bxc3 8.
bxc3 Qe7 9. Bxc6 bxc6 10. h3 h6 11. Bh4 g5 12. Bg3 Nh5 13. Nh2 Nxg3 14. fxg3 f5
15. Qh5 Kg7 16. h4 gxh4 17. exf5 Qg5 18. Qxg5+ hxg5 19. g4 c5 1/2-1/2

[Event "Eesti mv 2003"]
[Site "?"]
[Date "2003.??.??"]
[Round "3.2"]
[White "Sepp, Olav"]
[Black "Neff, Sergei"]
[Result "1-0"]
[WhiteElo "2456"]
[BlackElo "2290"]
[PlyCount "85"]

1. e4 c5 2. Nf3 d6 3. c3 Nf6 4. Be2 Nbd7 5. d3 c4 6. d4 Nxe4 7. Bxc4 e6 8. O-O
Qc7 9. Qe2 Nef6 10. Re1 d5 11. Bd3 Bd6 12. Ne5 O-O 13. Bf4 g6 14. Nxd7 Bxd7 15.
Bxd6 Qxd6 16. Nd2 Nh5 17. g3 f6 18. f4 Rae8 19. Nf3 a6 20. a4 Qb6 21. a5 Qc6
22. Qc2 Qc7 23. Re3 Re7 24. Qb3 Rg7 25. Bf1 h6 26. Bh3 Re8 27. Rae1 Rge7 28.
Qc2 Kf7 29. Nh4 f5 30. Nf3 Qxa5 31. Ne5+ Kf6 32. Qe2 Bb5 33. Qf3 Kg7 34. g4 Nf6
35. gxf5 exf5 36. Qg2 Ng4 37. Bxg4 fxg4 38. Qxg4 Qb6 39. Rg3 Re6 40. Kh1 Rf6
41. Reg1 Qd6 42. Qh5 Ree6 43. f5 1-0

[Event "Eesti mv 2003"]
[Site "?"]
[Date "2003.??.??"]
[Round "3.2"]
[White "Rõtshagov, Mihhail"]
[Black "Firstov, Juri"]
[Result "0-1"]
[WhiteElo "2520"]
[BlackElo "2141"]
[PlyCount "120"]

1. e4 c5 2. Nf3 Nc6 3. d4 cxd4 4. Nxd4 Qc7 5. Nc3 e6 6. Be2 Nf6 7. O-O a6 8.
Be3 Bb4 9. Na4 Ne7 10. c4 Nxe4 11. Qc2 f5 12. c5 d6 13. Nb6 Rb8 14. Nxc8 Qxc8
15. Qa4+ Qd7 16. Qxb4 dxc5 17. Qc4 cxd4 18. Qxd4 Qxd4 19. Bxd4 O-O 20. f3 Nf6
21. Bc4 Ned5 22. Rac1 Rbc8 23. Rfd1 Kf7 24. Kf2 Rfd8 25. Bb3 Rxc1 26. Rxc1 Rd7
27. Rd1 Nb4 28. Ke2 Nc6 29. Bc5 Rxd1 30. Kxd1 Nd5 31. Bc4 g5 32. g3 h5 33. Ke2
Kf6 34. Bd6 Ne5 35. Bb3 g4 36. fxg4 hxg4 37. Bc5 Nc6 38. a3 Ke5 39. Kd3 Nf6 40.
Bb6 Ne4 41. Ke3 Kd6 42. Bc2 Nc5 43. Kd2 Nd4 44. Bb1 Nc6 45. b4 Nd7 46. Bf2 Ne7
47. Ke3 Nd5+ 48. Kd4 Ne5 49. Bc2 Nf3+ 50. Kd3 Nxh2 51. Ba7 Nf3 52. Bb8+ Kc6 53.
Bb3 e5 54. Ba7 Ng5 55. Bb8 Nc7 56. Ke3 Ne4 57. Bxc7 Kxc7 58. Be6 Nxg3 59. Kf2
Ne4+ 60. Ke3 Nd6 0-1

[Event "Eesti mv 2003"]
[Site "?"]
[Date "2003.??.??"]
[Round "4.1"]
[White "Rõtshagov, Mihhail"]
[Black "Lauk, Ülar"]
[Result "1/2-1/2"]
[WhiteElo "2520"]
[BlackElo "2370"]
[PlyCount "64"]

1. e4 e5 2. Nf3 Nf6 3. Nxe5 d6 4. Nf3 Nxe4 5. d4 d5 6. Bd3 Bd6 7. O-O O-O 8. c4
c6 9. Qc2 Na6 10. a3 f5 11. Nc3 Nc7 12. b4 Bd7 13. Bb2 Be8 14. c5 Be7 15. Ne5
g6 16. f3 Ng5 17. Rae1 Bf6 18. Nd1 Bg7 19. g3 Nf7 20. f4 Nxe5 21. dxe5 Ne6 22.
Nc3 b6 23. Na4 b5 24. Nc3 a5 25. Ne2 axb4 26. axb4 Bd7 27. Ra1 Qc7 28. Nd4 Qb7
29. Nxe6 Bxe6 30. Bd4 Rxa1 31. Rxa1 Ra8 32. Qb2 Ra6 1/2-1/2